Derecho procesal de menores: jurisprudencia
Uloženo v:
| Hlavní autor: | |
|---|---|
| Médium: | Kniha |
| Jazyk: | španělština |
| Vydáno: |
Santiago
Juridicas Aremi
1998
|
| Témata: | |
| Tagy: |
Přidat tag
Žádné tagy, Buďte první, kdo vytvoří štítek k tomuto záznamu!
|
MARC
| LEADER | 00000nam a2200000 a 4500 | ||
|---|---|---|---|
| 001 | UCP3474 | ||
| 003 | CL-VaPUC | ||
| 008 | 990625e19980000CL |||||||||||||||||spa|d | ||
| 082 | 0 | 4 | |a 345.08 |b GON |2 21 |
| 100 | 0 | |a González Moraga, Marcela |e author |9 430766 | |
| 245 | 1 | 0 | |a Derecho procesal de menores: jurisprudencia |
| 300 | |a 191 p | ||
| 942 | |c BK | ||
| 945 | |d 19990625 00:00:00 |a vberengu | ||
| 260 | |a Santiago |b Juridicas Aremi |c 1998 | ||
| 650 | 0 | |a Jurisprudencia |9 255952 | |
| 650 | 0 | |a Jueces |9 256162 | |
| 650 | 7 | |a LEY DE MENORES |2 CL-VaPUC |9 430767 | |
| 650 | 7 | |a TRIBUNALES DE MENORES |2 CL-VaPUC |9 430768 | |
| 650 | 0 | |a Derecho y legislación |9 255077 | |
| 650 | 0 | |a Violencia intrafamiliar |9 312986 | |
| 583 | |a last modification |c 19990625 00:00:00 |k Rodrigo Vera | ||
| 999 | |c 281790 |d 281788 | ||
| 952 | |0 0 |1 0 |4 0 |6 345_080000000000000_GON_1998 |7 0 |8 A |9 322779 |a BIBDER |b BIBDER |d 2019-11-20 |i 3492613 |o 345.08 GON 1998 |p 3492613 |r 2023-01-25 |w 2019-11-20 |y BK |k DER | ||